| 000 -ლიდერი |
| ფიქსირებული სიგრძის საკონტროლო ველი |
01959nam a22002537a 4500 |
| 003 - საკონტროლო ნომრის იდენტიფიკატორი |
| საკონტროლო ველი |
Ge_BSU |
| 005 - ბოლო ოპერაციის თარიღი და დრო |
| საკონტროლო ველი |
20251218160545.0 |
| 008 - ფიქსირებული სიგრძის მონაცემთა ელემენტები - ზოგადი ინფორმაცია |
| ფიქსირებული სიგრძის საკონტროლო ველი |
251218s2025 ge ||||| |||| 00| 0 geo d |
| 020 ## - წიგნის საერთაშორისო სტანდარტული ნომერი |
| International Standard Book Number |
9789941525216 |
| 041 ## - ენის კოდი |
| Language code of text/sound track or separate title |
geo |
| 080 ## - უნივერსალური ათობითი კლასიფიკაციის ინდექსი |
| Universal Decimal Classification number |
330.1 : 338(479.22) ე-49 |
| 245 ## - ცნობა სათაურის შესახებ |
| Title |
ეკონომიკური მეცნიერება და საქართველოს ეკონომიკა : |
| Remainder of title |
სამეცნიერო სტატიები. [წიგნი] 1 / |
| Statement of responsibility, etc |
სამეცნიერო რედაქტორები: ელგუჯა მექვაბიშვილი, გივი ბედიანაშვილი. |
| 264 ## - წარმოების, გამოცემის, დისტრიბუციის და სხვა ცნობები |
| გამოცემის, წარმოების, დისტრიბუციის... ადგილი |
თბილისი : |
| გამოცემის, წარმოების, დისტრიბუციის... სახელწოდება |
უნივერსალი, |
| გამოცემის, წარმოების, დისტრიბუციის... თარიღი |
2025. |
| 300 ## - ფიზიკური აღწერა |
| Extent |
490 გვ. : |
| Other physical details |
ფოტ. დიაგრ., ცხრ. ; |
| Dimensions |
25 სმ. |
| 500 ## - ზოგადი შენიშვნა |
| General note |
ეძღვნება ვლადიმერ (ლადო) პაპავას დაბადების 70 წლისთავს. |
| 501 ## - შენიშვნა თანმხლებ მასალაზე |
| With note |
წიგნის გამოცემა მხარდაჭერილია გრიგოლ რობაქიძის სახ. უნივერსიტეტის მეცნიერული კვლევისა და შემოქმედებითი ინიციატივის განვითარების ფონდის მიერ. |
| 504 ## - BIBLIOGRAPHY, ETC. NOTE |
| Bibliography, etc |
ბიბლიოგრაფია სტატიების ბოლოს. |
| 653 ## - INDEX TERM--UNCONTROLLED |
| Uncontrolled term |
პაპავა, ვლადიმერ |
| 653 ## - INDEX TERM--UNCONTROLLED |
| Uncontrolled term |
ეკონომიკური მეცნიერება |
| 653 ## - INDEX TERM--UNCONTROLLED |
| Uncontrolled term |
ეკონომიკა -- საქართველო |
| 700 ## - ADDED ENTRY--PERSONAL NAME |
| Personal name |
მექვაბიშვილი, ელგუჯა |
| Relator term |
რედაქტორი |
| 9 (RLIN) |
26558 |
| 700 ## - ADDED ENTRY--PERSONAL NAME |
| Personal name |
ბედიანაშვილი, გივი |
| Relator term |
რედაქტორი |
| 9 (RLIN) |
21541 |
| 942 ## - ADDED ENTRY ELEMENTS (KOHA) |
| Source of classification or shelving scheme |
|
| Koha item type |
წიგნი |